| 000 | 00000nam##2200000za#4500 |
| 001 | 9.536712 |
| 003 | CaOODSP |
| 005 | 20200327020534 |
| 007 | ta |
| 008 | 150406|2002||||xxc||||| f|0| 0 eng|d |
| 040 | |aCaOODSP|beng |
| 041 | |aeng |
| 041 | |afre |
| 043 | |an-cn--- |
| 086 | 1 |aSP2-6/2001 |
| 110 | 1 |aCanada. |bQueen's Printer. |
| 245 | 10|aBanks, trust companies and loan companies: unclaimed balances : |breported as at December 31, 2001 by banks, trust companies and loan companies / |c(Office of the Superintendent of Financial Institutions: Bank Act and Trust and Loan Companies Act.) |
| 260 | |aOttawa - Ontario : |bQueen's Printer |c2002. |
| 300 | |a498p. ; |c28 cm. |
| 490 | 1 |aCanada gazette, part I. Supplement |
| 546 | |aBilingual |
| 563 | |aSoftcover |
| 590 | |a02-23|b2002-06-07 |
| 690 | 07|aBanks|2gcpds |
| 690 | 07|aCredit unions|2gcpds |
| 690 | 07|aTrust companies|2gcpds |
| 776 | 0#|tBanques, sociétés de fiducie et sociétés de prêt - soldes non réclamés : |w(CaOODSP)9.587844 |
| 792 | |tBanques, sociétés de fiducie et sociétés de prêt: soldes non réclamés : |efre|w(CaOODSP)9.536713 |
| 830 | #0|aCanada gazette, part I. Supplement.|w(CaOODSP)9.509660 |